000 00332nam a2200145Ia 4500
008 230718s9999 xx 000 0 und d
041 _aEng.
082 _a342.5
_bMAH-P
100 _aMahmood Zahid
245 0 _aPunjab civil service laws
260 _aPakistan
_bNadeem law
_c2012
300 _a338
650 _aLaw
999 _c30435
_d30435